Guzmán de Alfarache III

Guardat en:
Dades bibliogràfiques
Autor principal: Alemán, Mateo
Format: Llibre
Idioma:Undetermined
Publicat: Madrid, España Espasa-Calpe 1973
Matèries:
Etiquetes: Afegir etiqueta
Sense etiquetes, Sigues el primer a etiquetar aquest registre!

MARC

LEADER 00000nam a2200000Ia 4500
008 170316s9999 xx 000 0 und d
040 |a cru BVZT 
090 |a 862 A-15g v.3 
100 |a Alemán, Mateo 
245 |a Guzmán de Alfarache III  |c / Edición, introducción y notas, Samuel Gili Gaya 
260 |a Madrid, España 
260 |b Espasa-Calpe 
260 |c 1973 
300 |a 294 páginas 
650 |a LITERATURA ESPAÑOLA 
999 |c 9368  |d 9368 
942 |c 15 D  |h 862 A-15g v.3  |2 z